[Event "BCF-chT2b 0910 (4NCL)"]
[Site "England"]
[Date "2010.02.20"]
[Round "5.3"]
[White "Higgs, Anthony"]
[Black "Mueller, Jan"]
[Result "0-1"]
[WhiteElo "1962"]
[BlackElo "2165"]
[PlyCount "82"]
[EventDate "2009.10.24"]
[EventType "team-tourn"]
[EventRounds "11"]
[EventCountry "ENG"]
[SourceTitle "EXT 2010"]
[Source "ChessBase"]
[SourceDate "2010.11.25"]
[SourceVersion "1"]
[SourceVersionDate "2010.11.25"]
[SourceQuality "1"]
[WhiteTeam "Guildford III"]
[BlackTeam "Celtic Tigers"]
[WhiteTeamCountry "ENG"]
[BlackTeamCountry "ENG"]

1. e4 c5 2. a3 e6 3. b4 cxb4 4. axb4 Bxb4 5. Nf3 Nc6 6. Ba3 Bxa3 7. Rxa3 Nge7 8. Bb5 d5 9. Nc3 Bd7 10. exd5 exd5 11. 0-0 0-0 12. Qa1 Bg4 13. Ne2 a6 14. Bxc6 Nxc6 15. h3 Bh5 16. Nf4 Bg6 17. Nxg6 hxg6 18. Rb1 Qd7 19. Rb6 Rfe8 20. Rab3 Rab8 21. d4 f6 22. Rb1 Na7 23. R6b4 Re6 24. Qb2 b5 25. c4 a5 26. cxd5 Qxd5 27. Rb3 b4 28. Rc1 Rc6 29. Re3 Rxc1+ 30. Qxc1 Nc6 31. Qb1 Nxd4 32. Nh4 Nc6 33. Qxg6 Qf7 34. Qg3 Rd8 35. Nf5 Kf8 36. Qf3 Ne5 37. Qf4 b3 38. Qa4 Rb8 39. Qa3+ Kg8 40. Re4 b2 41. Ne7+ Qxe7 0-1

[Event "BCF-chT2b 0809 (4NCL)"]
[Site "Hinckley Island"]
[Date "2009.01.18"]
[Round "6.4"]
[White "Jameson, David"]
[Black "Mueller, Jan"]
[Result "0-1"]
[WhiteElo "2066"]
[BlackElo "2100"]
[PlyCount "61"]
[EventDate "2008.10.04"]
[EventType "team-tourn"]
[EventRounds "7"]
[EventCountry "ENG"]
[SourceTitle "EXT 2010"]
[Source "ChessBase"]
[SourceDate "2010.11.25"]
[SourceVersion "1"]
[SourceVersionDate "2010.11.25"]
[SourceQuality "1"]
[WhiteTeam "South Wales Dragons II"]
[BlackTeam "Celtic Tigers"]
[WhiteTeamCountry "ENG"]
[BlackTeamCountry "ENG"]

1. e4 c5 2. f4 Nc6 3. Nf3 e6 4. Bb5 Qc7 5. Bxc6 bxc6 6. d3 d5 7. 0-0 Ba6 8. exd5 cxd5 9. f5 e5 10. Nxe5 Bd6 11. Nf3 0-0-0 12. Nc3 Ne7 13. a4 Nxf5 14. Nxd5 Bxh2+ 15. Nxh2 Rxd5 16. Bf4 Qd7 17. Nf3 f6 18. b4 g5 19. Bd2 Bb7 20. Qe1 g4 21. Nh4 Re8 22. Qf2 g3 23. Qf4 Nxh4 24. Qxh4 Re2 25. Rxf6 Rf5 26. Rxf5 Rxg2+ 27. Kf1 Qxf5+ 28. Bf4 Rf2+ 29. Ke1 Qe6+ 30. Kd1 Qe2+ 31. Kc1 0-1

[Event "BCF-chT2b 0809 (4NCL)"]
[Site "Hinckley Island"]
[Date "2008.12.07"]
[Round "4.6"]
[White "Mueller, Jan"]
[Black "Malik, Dani"]
[Result "1-0"]
[WhiteElo "2081"]
[BlackElo "2125"]
[PlyCount "67"]
[EventDate "2008.10.04"]
[EventType "team-tourn"]
[EventRounds "7"]
[EventCountry "ENG"]
[SourceTitle "EXT 2010"]
[Source "ChessBase"]
[SourceDate "2010.11.25"]
[SourceVersion "1"]
[SourceVersionDate "2010.11.25"]
[SourceQuality "1"]
[WhiteTeam "Celtic Tigers"]
[BlackTeam "Warwicks Select"]
[WhiteTeamCountry "ENG"]
[BlackTeamCountry "ENG"]

1. d4 d5 2. c4 e6 3. g3 Nf6 4. Bg2 c5 5. Nf3 Nc6 6. 0-0 Be7 7. Nc3 0-0 8. cxd5 exd5 9. Bg5 Ne4 10. Bxe7 Nxe7 11. Rc1 Nxc3 12. Rxc3 c4 13. b3 Qa5 14. Qc1 cxb3 15. axb3 Be6 16. Qb2 Rfc8 17. Rfc1 Rxc3 18. Rxc3 Nc6 19. e3 Qb4 20. Ne1 Qd6 21. Nd3 Re8 22. Nf4 g5 23. Nd3 Bf5 24. Nc5 Re7 25. Qc1 Nb4 26. e4 dxe4 27. Qxg5+ Bg6 28. Nxe4 Qe6 29. Nf6+ Kh8 30. Re3 Qd6 31. Ne8 Rxe3 32. Nxd6 Re1+ 33. Bf1 Bd3 34. Nxf7# 1-0